Stane sa Európa ekonomickým protektorátom USA?

Rozširovanie Európskej únie znamená nové možnosti pre Európu. Kurzová politika Európskej centrálnej banky akceptuje nevýhodný kurz eura k americkému doláru. Tvrdosť kritérií Paktu stability ohrozuje jeho plnenie. Nevýhodnosť úverových obmedzení zakotvené v zmluve Bazilej II. pre rast hospodárstva.

Na minha lista:
Detalhes bibliográficos
Autor principal: Zverková, Soňa
Formato: Capítulo de Livro
Idioma:eslovaco
Assuntos:
Tags: Adicionar Tag
Sem tags, seja o primeiro a adicionar uma tag!

MARC

LEADER 00000naa$a2200000$$$4500
001 0018450
005 20231004122624.1
041 0 |a slo 
044 |a SK 
245 1 0 |a Stane sa Európa ekonomickým protektorátom USA?  |c Soňa Zverková 
520 |a Rozširovanie Európskej únie znamená nové možnosti pre Európu. Kurzová politika Európskej centrálnej banky akceptuje nevýhodný kurz eura k americkému doláru. Tvrdosť kritérií Paktu stability ohrozuje jeho plnenie. Nevýhodnosť úverových obmedzení zakotvené v zmluve Bazilej II. pre rast hospodárstva. 
610 2 0 |a konkurencia medzinárodná 
610 2 0 |a Európska únia 
610 2 0 |a USA 
610 2 0 |a politika hospodárska 
610 2 0 |a politika úverová 
100 1 |a Zverková, Soňa